| 000 | 00574nam a22002053a 4500 | ||
|---|---|---|---|
| 005 | 20240924070236.0 | ||
| 008 | 010929s1999 mx fr 000 0 spa d | ||
| 020 | _a8474905303 | ||
| 035 | _aUPN01000112226 | ||
| 049 | _aCG | ||
| 050 | 4 |
_aB2430 L4.8 _bL5.38 |
|
| 100 | 1 | _aLlewelyn, John | |
| 245 | 1 | 0 |
_aEmmanuel Levinas : _bla genealogía de la ética / _cJohn Llewelyn; tr. Guillermo Solana Alonso. |
| 260 |
_aMadrid : _bEncuentro, _c1999. |
||
| 300 | _a309 p. | ||
| 440 | 0 |
_aEnsayos ; _v138 |
|
| 650 | 4 | _aLEVINAS, EMMANUEL | |
| 650 | 4 |
_aÉtica _912720 |
|
| 905 | _aLibro | ||
| 999 |
_c86134 _d86134 |
||